Estudio petrográfico de la Guinea Continental Española / (Record no. 65972)
[ view plain ]
| 000 -LEADER | |
|---|---|
| campo de control de longitud fija | 01250nam a2200265 i 4500 |
| 001 - NÚMERO DE CONTROL | |
| campo de control | 65972 |
| 003 - IDENTIFICADOR DE NÚMERO DE CONTROL | |
| campo de control | ES-MaACL |
| 005 - FECHA Y HORA DE LA ÚLTIMA TRANSACCIÓN | |
| campo de control | 20250912063041.0 |
| 007 - CAMPO FIJO DE DESCRIPCIÓN FÍSICA--INFORMACIÓN GENERAL | |
| campo de control de longitud fija | t| |
| 008 - DATOS DE LONGITUD FIJA--INFORMACIÓN GENERAL | |
| campo de control de longitud fija | 040123s1951 sp ||||1| spa d |
| 100 1# - ENTRADA PRINCIPAL--NOMBRE DE PERSONA | |
| Nombre de persona | Fuster Casas, José María, |
| Fechas asociadas al nombre | 1923-2000 |
| 9 (RLIN) | 53084 |
| 245 10 - MENCIÓN DEL TÍTULO | |
| Título | Estudio petrográfico de la Guinea Continental Española / |
| Mención de responsabilidad, etc. | José María Fuster Casas. |
| 260 ## - PUBLICACIÓN, DISTRIBUCIÓN, ETC. | |
| Lugar de publicación, distribución, etc. | Madrid : |
| Nombre del editor, distribuidor, etc. | Instituto de Estudios Africanos, |
| Fecha de publicación, distribución, etc. | 1951 ( |
| Lugar de fabricación/manufactura | Pamplona : |
| Fabricante | Gómez) |
| 300 ## - DESCRIPCIÓN FÍSICA | |
| Extensión | 355 p., [150] p. de lám., [1] map. pleg. ; |
| Dimensiones | 25 cm. |
| 500 ## - NOTA GENERAL | |
| Nota general | Precede al tít.: Consejo Superior de Investigaciones Científicas. |
| 510 ## - NOTA DE CITAS O REFERENCIAS BIBLIOGRÁFICAS | |
| Nombre de la fuente | CCPB, |
| Localización dentro de la fuente | 000971780-3 |
| 650 #4 - PUNTO DE ACCESO ADICIONAL DE MATERIA--TÉRMINO DE MATERIA | |
| 9 (RLIN) | 15992 |
| Término de materia o nombre geográfico como elemento de entrada | Petrología |
| 651 #7 - PUNTO DE ACCESO ADICIONAL DE MATERIA--NOMBRE GEOGRÁFICO | |
| 9 (RLIN) | 153666 |
| Nombre geográfico | Guinea Ecuatorial- |
| Subdivisión general | Descubrimientos y exploraciones- |
| -- | Españoles |
| 710 2# - ENTRADA AGREGADA--NOMBRE DE ENTIDAD CORPORATIVA | |
| Nombre de entidad corporativa o nombre de jurisdicción como elemento de entrada | Consejo Superior de Investigaciones Científicas (España) |
| 9 (RLIN) | 3236 |
| 852 ## - LOCALIZACIÓN | |
| Ubicación | ES-MaACL |
| Número de control de estantería | D-6398 |
| Sublocalización o colección | R.31911 |
| -- | R.M.5993 |
| itemnumber | 68445 |
| Ubicación en estantería | Sala Valle Inclán |
| Marcas de propiedad | Sello en tinta azul de la Biblioteca del Ateneo de Madrid |
| Anotaciones manuscritas | Anotación manuscrita en cubierta: "26" |
| Nota libre | En cubierta: "2.ABR.1952" |
| 942 ## - ELEMENTOS DE ENTRADA SECUNDARIOS (KOHA) | |
| Fuente del sistema de clasificación o colocación | Clasificación decimal universal |
| Tipo de ítem Koha | Libro impreso |
| Estatus retirado | Estado de pérdida | Estado de daño | No para préstamo | Biblioteca de origen | Biblioteca actual | Ubicación en estantería | Fecha de adquisición | Fuente de adquisición | Total de préstamos | Signatura topográfica completa | Código de barras | Visto por última vez | Precio de reemplazo | Tipo de ítem Koha |
|---|---|---|---|---|---|---|---|---|---|---|---|---|---|---|
| Biblioteca del Ateneo de Madrid | Biblioteca del Ateneo de Madrid | Sala Valle Inclán | 17/01/2008 | D-6398 | 901069114 | 23/02/2023 | 23/02/2023 | Libro impreso |
